| 000 | 00000nas 2200000za 4500 |
| 001 | 9.503187 |
| 003 | CaOODSP |
| 005 | 20221107133231 |
| 007 | cr ||||||||||| |
| 008 | 150406d19941994oncar p o f0 b0fre|d |
| 022 | |a1493-5228 |
| 040 | |aCaOODSP|bfre |
| 043 | |an-cn--- |
| 086 | 1 |aH46-4/1F-PDF |
| 130 | 0 |aRapport de ... sur les radioexpositions professionnelles au Canada (En ligne) |
| 222 | 0|aRapport de ... sur les radioexpositions professionnelles au Canada |b(En ligne) |
| 245 | 10|aRadioexpositions professionnelles au Canada |h[ressource électronique]. |
| 260 | |aOttawa : |bSanté Canada |
| 310 | |aAnnuel |
| 362 | 0 |a1994 |
| 500 | |aPublié aussi en anglais sous le titre : Occupational radiation exposures in Canada. |
| 550 | |aPublié par la Direction générale de la protection de la santé. |
| 691 | 07|aMaladie du travail|2gcpds |
| 691 | 07|aRayonnement|2gcpds |
| 691 | 07|aSanté au travail|2gcpds |
| 710 | 1 |aCanada.|bSanté Canada. |bDirection générale de la protection de la santé. |
| 775 | 08|tOccupational radiation exposures in Canada |w(CaOODSP)9.506792 |
| 785 | 00|tRapport de ... sur les radioexpositions professionnelles au Canada |w(CaOODSP)9.503189 |